| 000 | 00458nam a2200157 i 4500 | ||
|---|---|---|---|
| 001 | 99791 | ||
| 003 | ES-MaACL | ||
| 005 | 20230906182545.0 | ||
| 007 | t| | ||
| 008 | 050915s1982 sp ||||1| spa d | ||
| 100 | 1 |
_aMartínez García, Francisco. _978101 |
|
| 245 | 1 | 0 |
_aHistoria de la literatura leonesa / _cFrancisco Martínez García. |
| 260 |
_aMadrid : _bEverest, _c1982. |
||
| 300 |
_a1148 p. : _bil. ; _c22 cm. |
||
| 852 |
_aES-MaACL _jL-2595 _bR.103183 |
||
| 999 |
_c99791 _d99791 |
||